Chemical process safety : (Record no. 18708)
[ view plain ]
| 000 -LEADER | |
|---|---|
| fixed length control field | 01075cam a2200301 a 4500 |
| 001 - CONTROL NUMBER | |
| control field | 12504621 |
| 005 - DATE AND TIME OF LATEST TRANSACTION | |
| control field | 20141203110341.0 |
| 008 - FIXED-LENGTH DATA ELEMENTS--GENERAL INFORMATION | |
| fixed length control field | 010816t2002 xxuadk frb 001 0 eng d |
| 010 ## - LIBRARY OF CONGRESS CONTROL NUMBER | |
| LC control number | 2001045845 |
| 020 ## - INTERNATIONAL STANDARD BOOK NUMBER | |
| International Standard Book Number | 0130181765 |
| 020 ## - INTERNATIONAL STANDARD BOOK NUMBER | |
| International Standard Book Number | 9780130181763 |
| 040 ## - CATALOGING SOURCE | |
| Original cataloging agency | DLC |
| Transcribing agency | DLC |
| Modifying agency | DLC |
| -- | EG-ScBUE |
| 082 00 - DEWEY DECIMAL CLASSIFICATION NUMBER | |
| Classification number | 660.2804 |
| Edition number | 22 |
| Item number | CRO |
| 100 1# - MAIN ENTRY--PERSONAL NAME | |
| Personal name | Crowl, Daniel A. |
| 9 (RLIN) | 36769 |
| 245 10 - TITLE STATEMENT | |
| Title | Chemical process safety : |
| Remainder of title | fundamentals with applications / |
| Statement of responsibility, etc | Daniel A. Crowl, Joseph F. Louvar. |
| 250 ## - EDITION STATEMENT | |
| Edition statement | 2nd ed. |
| 260 ## - PUBLICATION, DISTRIBUTION, ETC. (IMPRINT) | |
| Place of publication, distribution, etc | Upper Saddle River, United States : |
| Name of publisher, distributor, etc | Prentice Hall PTR, |
| Date of publication, distribution, etc | c.2002. |
| 300 ## - PHYSICAL DESCRIPTION | |
| Extent | xix, 625 p. : |
| Other physical details | charts, forms, tables ; |
| Dimensions | 25 cm. |
| 490 0# - Series Statement | |
| Series statement | Prentice-Hall international series in the physical and chemical engineering sciences |
| 500 ## - GENERAL NOTE | |
| General note | Index : p. 593-624. |
| 500 ## - GENERAL NOTE | |
| General note | Includes appendixes. |
| 504 ## - BIBLIOGRAPHY, ETC. NOTE | |
| Bibliography, etc | Includes bibliographical references. |
| 650 #0 - SUBJECT ADDED ENTRY--TOPICAL TERM | |
| Topical term or geographic name as entry element | Chemical plants |
| General subdivision | Safety measures |
| 9 (RLIN) | 6250 |
| 653 ## - INDEX TERM--UNCONTROLLED | |
| Resource For college | Engineering, General |
| -- | Engineering, Chemical |
| Arrived date list | December2014 |
| 655 ## - INDEX TERM--GENRE/FORM | |
| Form subdivision | |
| -- | 34232 |
| 700 1# - ADDED ENTRY--PERSONAL NAME | |
| Personal name | Louvar, Joseph F. |
| 9 (RLIN) | 36770 |
| 942 ## - ADDED ENTRY ELEMENTS (KOHA) | |
| Source of classification or shelving scheme | Dewey Decimal Classification |
| Call number prefix | 660.2804 CRO |
| Withdrawn status | Item status | Source of classification or shelving scheme | Damaged status | Not for loan | Vendor | Home library | Current library | Shelving location | Date acquired | Source of acquisition | Cost, normal purchase price | Serial Enumeration / chronology | Total Checkouts | Full call number | Barcode | Date last seen | Cost, replacement price | Koha item type |
|---|---|---|---|---|---|---|---|---|---|---|---|---|---|---|---|---|---|---|
| Dewey Decimal Classification | Baccah | Central Library | Central Library | First floor | 03/12/2014 | 749.00 | 20677 | 660.2804 CRO | 000037090 | 15/07/2025 | 936.25 | Book - Borrowing |